Texto del Tratado de Libre Comercio Centroamérica-Estados Unidos: borrador /

Uloženo v:
Podrobná bibliografie
Médium: Text
Jazyk:Spanish
Vydáno: San José s.e. ; 2004
Témata:
Tagy: Přidat tag
Žádné tagy, Buďte první, kdo vytvoří štítek k tomuto záznamu!

MARC

LEADER 00000 a a2200000 04500
001 29832
003 cru IIS
005 20220202220445.0
008 220201s2004 |||||||| |||| 00| 0 spa d
020 |a [sin ISBN] 
040 |a Centro de Recursos para el Aprendizaje y la Investigación  |c CRAI/IIS  |b español 
090 |a 09.05.08 T355t 
245 |a Texto del Tratado de Libre Comercio Centroamérica-Estados Unidos:   |b borrador /  
260 |a San José   |b s.e. ;  |c 2004 
300 |a pag. irreg.; 2 vols  
500 |a Incluye los borradores del Texto, que están sujetos a revisión legal para efectos de exactitud, claridad, consistencia y cotejo lingüistico..También en CD con el número de acceso 194000 
500 |a Colección Centroamérica 
650 0 0 |0 TESAUROS  |a TRATADO DE LIBRE COMERCIO  |9 3831 
651 0 |9 308  |a CENTROAMERICA 
651 0 |9 245  |a ESTADOS UNIDOS 
942 |2 ddc  |c LI  |h 09.05.08 T355t  |k 09.05.08   |m T355t  |6 090508_T355T 
999 |c 4395  |d 4395